| 000 | 00981cam a22002531 4500 | ||
|---|---|---|---|
| 999 |
_c128310 _d128310 |
||
| 001 | 6070713 | ||
| 003 | ARRUPE | ||
| 005 | 20181003111337.0 | ||
| 008 | 770622s1957 enkfbj b 000 0 eng c | ||
| 010 | _aa 58005778 | ||
| 015 | _aGB58-2311 | ||
| 035 | _a(OCoLC)3060912 | ||
| 040 |
_aNebraska. Univ. Libr. _cTNJ _dOCoLC _dUk _dDLC |
||
| 042 | _apremarc | ||
| 050 | 0 | 0 |
_aDT3058.N44 _b.T953 |
| 100 | 1 |
_aTurner, Victor W. _q(Victor Witter), _d1920-1983. _927686 |
|
| 245 | 1 | 0 |
_aSchism and continuity in an African society; _ba study of Ndembu village life. _cVictor W. Turner |
| 260 |
_a[Manchester, Eng.] _bPublished on behalf of the Rhodes-Livingstone Institute, Northern Rhodesia, by Manchester University Press _c[1957] |
||
| 300 |
_axxiii, 348 p. _bplates, maps, geneal. tables, tables. _c22 cm. |
||
| 504 | _aBibliography: p. 332-335. | ||
| 650 | 0 |
_aNdembu (African people) _918931 |
|
| 906 |
_a7 _bcbc _coclcrpl _du _encip _f19 _gy-gencatlg |
||
| 942 |
_2lcc _cMONOGRAPH |
||